000 00192nam a2200085 4500
001 1258434
005 20260311105748.0
245 _aBENİM RENKLİ YUMAĞIM
_cYASEMİN ŞAHİN
260 _bTÜBİTAK
999 _c1258434
_d1258434